Wives of King Henry VIII Multiple Choice - Statistics

General Stats
  • This quiz has been taken 505 times
  • The average score is 11 of 15
Answer Stats
Question Answer % Correct
Which three wives produced Henry VIII's legitimate children Catherine of Aragon, Anne Boleyn, Jane Seymour
92%
Which wife had the shortest marriage to Henry VIII Anne of Cleves
90%
Which wife had the longest marriage to Henry VIII Catherine of Aragon
90%
What was the marital order of the wives Catherine of Aragon, Anne Boleyn, Jane Seymour, Anne of Cleves, Catherine Howard, Catherine Parr
90%
Which wife was Henry VIII buried with at Windsor Castle Jane Seymour
90%
Which two wives were cousins Anne Boleyn and Catherine Howard
84%
Which wife was also married to Arthur Tudor, who was first in line to the throne Catherine of Aragon
84%
Which wife was referred to as the 'Kings Sister' Anne of Cleves
80%
Which wife had four husbands Catherine Parr
80%
Which wife reportedly spent time practicing putting her head on the block the night before her execution Catherine Howard
78%
Catherine Parr was married at one time to the brother of which fellow Queen Jane Seymour
69%
Which wife lived long enough to see two of her step-children rule England Anne of Cleves
59%
Which two wives died in the same year Catherine of Aragon and Anne Boleyn
59%
Where was Anne Boleyn beheaded Tower Green
57%
Which wife had the motto "The most happy" Anne Boleyn
39%
No matching quizzes found
Score Distribution
Percent of People with Each Score
Percentile by Number Answered
Your Score History
You have not taken this quiz